| LEADER 00000nam 2200000uu 4500 |
| 008 120921s2011||||th 000 0 eng d |
| 024 ^a9780781793865
|
| 040 ^abcnkk
|
| 041 0 ^aeng
|
| 060 04 ^aWY100^bT239f 2011
|
| 100 1 ^aTaylor, Carol.
|
| 245 10 ^aFundamentals of nursing :^bthe art & science of nursing care /^cCarol Taylor, Carol Lillis, Priscilla LeMone
|
| 246 0 ^aตำราการพยาบาลพื้นฐาน
|
| 250 ^a7th ed.
|
| 260 ^aPhiladelphia :^bLippincott,^c2011
|
| 300 ^avii, 424 p. :^bill.
|
| 650 4 ^aNursing
|
| 650 4 ^aHealth Promotion
|
| 650 4 ^aNursing Process
|
| 650 4 ^aตำราการพยาบาลพื้นฐาน
|
| 700 1 ^aLillis, Carol
|
| 700 1 ^aLeMone, Priscilla
|
| 999 ^aใช้งานได้ทุกระบบ
|